|
|
|
|
| LEADER |
01175nam a2200277 a 4500 |
| 001 |
11897564 |
| 008 |
090511s2000 nyua b 001 0 eng d |
| 010 |
|
|
|a \\\00022760
|
| 020 |
|
|
|a 0780334973
|
| 040 |
|
|
|a DLC
|c DLC
|d DLC
|
| 082 |
0 |
0 |
|a 629.8
|2 21
|
| 100 |
1 |
|
|a Ying, Hao,
|c 1958-
|
| 245 |
1 |
0 |
|a Fuzzy control and modeling :
|b analytical foundations and applications /
|c Hao Ying ; [foreword by Lotfi A. Zadeh].
|
| 260 |
|
|
|a New York :
|b IEEE Press,
|c c2000.
|
| 300 |
|
|
|a xxxii, 310 p. :
|b ill. ;
|c 26 cm.
|
| 490 |
1 |
|
|a IEEE Press series in biomedical engineering
|
| 500 |
|
|
|a "IEEE Engineering in Medicine and Biology Society, sponsor."
|
| 504 |
|
|
|a Includes bibliographical references (p. 291-304) and index.
|
| 541 |
1 |
|
|e 00009919
|
| 650 |
|
0 |
|a Automatic control.
|
| 650 |
|
0 |
|a Fuzzy systems.
|
| 650 |
|
0 |
|a Mathematical models.
|
| 710 |
2 |
|
|a IEEE Engineering in Medicine and Biology Society.
|
| 852 |
4 |
|
|a Ayesha Abed Library
|j Generalshelf
|
| 999 |
|
|
|c 574
|d 574
|
| 952 |
|
|
|0 0
|1 0
|2 ddc
|4 0
|6 629_800000000000000_YIN_2000
|7 0
|9 524
|a BRACUL
|b BRACUL
|c GEN
|d 2009-05-11
|g 0.00
|l 2
|m 3
|o 629.8 YIN
|p 3010009919
|r 2014-09-08
|s 2014-05-11
|t 1
|w 2009-05-11
|y BK
|x No price found in the accession register.
|